Svet okolo nás /

Uložené v:
Podrobná bibliografia
Hlavní autori: Veberová, Eva (Author), Černý, Jan (Author)
Médium: Kniha
Jazyk:Slovak
Vydané: Bratislava : Praha : Mladé letá Albatros, 1976.
Vydanie:2. vyd.
ISBN: (viaz.)
Fyzický popis: 384 s. + 11 príl.
Tagy: Pridať tag
Žiadne tagy, Buďte prvý kto otaguje tento záznam!

MARC

LEADER 00000nam a2200000 a 4500
001 000225621
005 20100728141618.0
008 040101s1976 xo e slo d
020 |a (viaz.)  |c Kčs 82,00 
040 |a SVKKK  |b slo  |c SVKKK  |e AACR2 
041 0 |a slo 
044 |a xo  |c SK 
100 1 |a Veberová, Eva  |4 aut 
245 1 0 |a Svet okolo nás /  |c Eva Veberová, Jan Černý. 
250 |a 2. vyd. 
260 |a Bratislava :  |b Mladé letá  |a Praha :  |b Albatros,  |c 1976. 
300 |a 384 s. +  |e 11 príl. 
700 1 |a Černý, Jan  |4 aut 
910 |a svkkk 
998 |a BK 
090 |g SCKHL  |k Sklad Pribinova 1. posch.  |a IV.92246  |j 578028  |i 225621-10  |s Dočasne nezv.